El método Lean Startup: Cómo crear empresas de éxito utilizando la innovación continua
Saved in:
| Hovedforfatter: | |
|---|---|
| Andre forfattere: | |
| Format: | Bog |
| Sprog: | spansk |
| Udgivet: |
Barcelona, España.
Deusto,
2021
|
| Udgivelse: | Vigésimoprimera edición. |
| Fag: | |
| Tags: |
Tilføj Tag
Ingen Tags, Vær først til at tagge denne postø!
|
MARC
| LEADER | 00000cam a2200000 a 4500 | ||
|---|---|---|---|
| 001 | UCE9027 | ||
| 003 | CL-VaPUC | ||
| 005 | 20220616105146.0 | ||
| 008 | 150928e20210000sp |||||||||||||||||spa|d | ||
| 999 | |c 435735 |d 435733 | ||
| 020 | |a 9788423409495 | ||
| 040 | |c Pontificia Universidad Católica de Valparaíso | ||
| 082 | 0 | 4 | |a 658.11 RIE 2021 |2 21 |
| 100 | 0 | |a Ries, Eric |e autor |9 581739 | |
| 245 | 1 | 3 | |a El método Lean Startup: |b Cómo crear empresas de éxito utilizando la innovación continua |
| 250 | |a Vigésimoprimera edición. | ||
| 260 | |a Barcelona, España. |b Deusto, |c 2021 | ||
| 300 | |a 319 páginas | ||
| 583 | |a last modification |c 20150928 14:02:00 |k Cristina María Rojas Aguilar | ||
| 650 | 0 | |a Empresas |9 255569 | |
| 650 | 0 | |a Consumidores |9 315658 | |
| 650 | 0 | |a Efectividad organizacional |2 CL-VaPUC |9 312773 | |
| 700 | |a San Julián, Javier |e traductor |9 869888 | ||
| 942 | |c BK |2 ddc | ||
| 952 | |0 0 |1 0 |2 ddc |4 0 |6 658_110000000000000_RIE_2021 |7 0 |8 A |9 583294 |a BIBAGR |b BIBAGR |c GEN |d 2022-05-26 |e 59 |g 29614.41 |i 5651390 |o 658.11 RIE 2021 |p 5651390 |r 2025-01-20 |t 1 |v 29614.41 |w 2022-05-26 |y BK |k AGR | ||
| 952 | |0 0 |1 0 |2 ddc |4 0 |6 658_110000000000000_RIE_2021 |7 0 |8 A |9 583295 |a BIBAGR |b BIBAGR |c GEN |d 2022-05-26 |e 59 |g 29614.41 |i 5651391 |o 658.11 RIE 2021 |p 5651391 |r 2025-01-20 |t 2 |v 29614.41 |w 2022-05-26 |y BK |k AGR | ||